000 00451nam a2200181Ia 4500
001 22973
005 20260414150906.0
008 260414t2018||||xx |||||||||||||| ||spa||
041 _aESP
082 _a624.171
_bP85
100 _aPreumont, André
_eAUT
245 0 _aVibration control of active structures :
_ban introduction
260 _c2018
300 _a518 páginas :
_c24 cm.
650 _a0
654 _aCIC
942 _cLIB
_dJUS
_fJUS
_2ddc
_n
999 _c22973
_d22973